LEADER 01315cas0-2200409---450- 001 990001055820203316 005 20020711094635.0 011 $a0081-4326 035 $a0105582 035 $aUSA010105582 035 $a(ALEPH)000105582USA01 035 $a0105582 100 $a20020322b19681979km-y0itay0103----ba 101 $aeng 102 $aGB 110 $aaka-------- 200 1 $aStanford journal of international studies 207 1$aVol. 3(Jun. 1968)-vol.15 (Fall 1979) 210 $aStanford$cStanford law school$d1968-1979 215 $av.$d26 cm 326 $aAnnuale 430 1$1001000103613$12001$aInternational Society Stanford law School 440 1$1001000015581$12001$aStanford journal of international law 606 0 $aDiritto internazionale$xPeriodici 676 $a341.05 801 0$aIT$bsalbc$gISBD 912 $a990001055820203316 958 $aECO$bFONDO$cVol. 3(Jun. 1968)-vol.15 (Fall 1979). 959 $aSE 979 $aPATTY$b90$c20020322$lUSA01$h1343 979 $aPATTY$b90$c20020322$lUSA01$h1344 979 $aPATTY$b90$c20020322$lUSA01$h1348 979 $c20020403$lUSA01$h1745 979 $aANNAPIA$b90$c20020711$lUSA01$h0946 979 $aPATRY$b90$c20040406$lUSA01$h1713 996 $aStanford journal of international studies$9975996 997 $aUNISA LEADER 01449nam 2200445 450 001 9910793178103321 005 20230126220111.0 010 $a1-78046-584-X 035 $a(CKB)4100000005879097 035 $a(MiAaPQ)EBC5492974 035 $a(EXLCZ)994100000005879097 100 $a20200215d2018 uy 0 101 0 $aeng 135 $aurcnu|||||||| 181 $ctxt$2rdacontent 182 $cc$2rdamedia 183 $acr$2rdacarrier 200 10$aWorking with children and young people who have displayed harmful sexual behaviour /$fStuart Allardyce, Peter Yates 210 1$aEdinburgh ;$aLondon :$cDunedin,$d[2018] 210 4$dİ2018 215 $a1 online resource (219 pages) 225 1 $aProtecting Children and Young People Series 311 $a1-78046-068-6 410 0$aProtecting children and young people series. 606 $aSocial work with juvenile delinquents 606 $aChild sex offenders 606 $aTeenage sex offenders 615 0$aSocial work with juvenile delinquents. 615 0$aChild sex offenders. 615 0$aTeenage sex offenders. 676 $a361.0023 700 $aAllardyce$b Stuart$01558801 702 $aYates$b Peter$f1971- 801 0$bMiAaPQ 801 1$bMiAaPQ 801 2$bMiAaPQ 906 $aBOOK 912 $a9910793178103321 996 $aWorking with children and young people who have displayed harmful sexual behaviour$93823490 997 $aUNINA